| Tag |
First Indicator |
Second Indicator |
Subfields |
| LEADER |
00000cam a2200000 a 4500 |
| 001 |
in00000070140 |
| 005 |
20151008061616.0 |
| 008 |
820719s1981 it r 00000 engmd |
| 020 |
|
|
|a 9250011393
|
| 035 |
|
|
|a (OCoLC)08609501
|
| 035 |
|
|
|9 AAJ8429AM
|
| 040 |
|
|
|a NYG
|c NYG
|d TXA
|d UtOrBLW
|
| 049 |
|
|
|a TXAM
|c [1502928]
|
| 090 |
|
|
|a SD251
|b .W6 1981
|
| 245 |
0 |
0 |
|a World list of forestry schools =
|b liste mondiale des ecoles forestieres = lista mundial de escuelas forestales /
|c Forestry Department, Food and Agriculture Organization of the United Nations.
|
| 246 |
3 |
1 |
|a Liste mondiale des ecoles forestieres
|
| 246 |
3 |
1 |
|a Lista mundial de escuelas forestales
|
| 250 |
|
|
|a [3rd], rev. ed.
|
| 264 |
|
1 |
|a Rome :
|b The Department,
|c 1981.
|
| 300 |
|
|
|a vii, 111 pages ;
|c 28 cm.
|
| 336 |
|
|
|a text
|b txt
|2 rdacontent
|
| 337 |
|
|
|a unmediated
|b n
|2 rdamedia
|
| 338 |
|
|
|a volume
|b nc
|2 rdacarrier
|
| 490 |
1 |
|
|a FAO forestry paper ;
|v 3 rev. 1
|
| 500 |
|
|
|a English, French, and Spanish.
|
| 650 |
|
0 |
|a Forestry schools and education
|x Directories.
|
| 710 |
2 |
|
|a Food and Agriculture Organization of the United Nations.
|b Forestry Department.
|
| 740 |
0 |
|
|a Liste mondiale des ecoles forestieres.
|
| 740 |
0 |
|
|a Liste mundial de escuelas forestales.
|
| 830 |
|
0 |
|a FAO forestry paper ;
|v 3, rev. 1.
|
| 999 |
|
|
|a MARS
|
| 999 |
f |
f |
|s 812fdbe1-38b8-363c-9e09-e9c158b2a91a
|i 6c4fe6fc-68d1-3d6c-b354-dcf4b9969231
|t 0
|
| 952 |
f |
f |
|p ric
|a Texas A&M University
|b Rellis Campus
|c Joint Library Facility
|d Remote Storage
|t 0
|e SD251 .W6 1981
|h Library of Congress classification
|i unmediated -- volume
|m A14806237416
|
| 998 |
f |
f |
|a SD251 .W6 1981
|t 0
|l Remote Storage
|